00990cam0a220027700 4500001001200000005001700012008004100029010001600070035001900086035002200105035002200127040000900149082001200158100006500170245004500235250001200280260003700292500007600329500005500405650008100460949004500541949004500586949005800631004000600689999001700695qce0106734520190816092234.0750925s1962 nyu 000 0 eng  a 62053617 a(Sirsi) r81167 a(QCAT)lss01008897 a(UPRA)qce01067345 dUPRA a324.7471 aGassman, Benjamin, 1894-dGassman, Benjamin, 1894-6A40860.110aElection law :bdecisions and procedure. a2nd ed. aAlbany :bWilliams Press,c1962. aFirst published in 1935 under title: The ABC of the direct primary law. aKept up to date by cummulative pocket supplements. 0aElection law -- New York (State)zElection law -- New York (State)6S32425.1 aKB24wlcci-112378mMAINtBOOKlON-SHELF aKB24wlcci-112379mMAINtBOOKlON-SHELF aKB24wlcci33729001791412mMAINp2500tBOOKlON-SHELF81167 c81948d81948